| 000 | 00000nam 2200000za 4500 |
| 001 | 9.695155 |
| 003 | CaOODSP |
| 005 | 20210913132340 |
| 007 | cr ||||||||||| |
| 008 | 150407s2000 oncd o f000 0 eng d |
| 040 | |aCaOODSP|beng |
| 043 | |an-cn--- |
| 086 | 1 |aC2-467/2000E-PDF |
| 110 | 1 |aCanada. |bAdvisory Council on Science and Technology. |
| 245 | 10|aStepping up : |h[electronic resource]|bskills and opportunities in the knowledge economy / |creport of the Expert Panel on Skills ; presented to the Prime Minister's Advisory Council on Science and Technology. |
| 260 | |aOttawa - Ontario : |bIndustry Canada. |cc2000. |
| 300 | |a90p.|bfigs., graphs, maps, references, table |
| 500 | |aThe catalogue number (C2-467/2000) and ISBN (0-662-64629-0) for the bilingual print edition have been incorrectly copied in this electronic publication. |
| 590 | |a11-28-Supp|b2011-11-17 |
| 690 | 07|aIndustry|2gcpds |
| 690 | 07|aKnowledge based economy|2gcpds |
| 690 | 07|aLabour force|2gcpds |
| 690 | 07|aLabour market|2gcpds |
| 775 | 08|tViser plus haut : |w(CaOODSP)9.639299 |
| 776 | 0#|tStepping up: skills and opportunities in the knowledge economy / |w(CaOODSP)9.661469 |
| 776 | 0#|tViser plus haut: compétences et esprit d'entreprise dans l'économie du savoir / |w(CaOODSP)9.661470 |
| 856 | 40|ahttp://publications.gc.ca|qPDF|s1.49 MB|uhttps://publications.gc.ca/collections/Collection/C2-467-2000E.pdf |
| 986 | |a52955B |